[Event "Mecklenburg VP LL2 West 2122"]
[Site "Mecklenburg VP"]
[Date "2021.11.07"]
[Round "2.3"]
[White "Montag, Ralf"]
[Black "Tovmasyan, Minas"]
[Result "1/2-1/2"]
[WhiteElo "2050"]
[BlackElo "1820"]
[PlyCount "84"]
[EventDate "2021.10.24"]
[EventType "team-tourn"]
[EventRounds "9"]
[EventCountry "GER"]
[SourceTitle "EXT 2024"]
[Source "ChessBase"]
[SourceDate "2023.10.10"]
[SourceVersion "1"]
[SourceVersionDate "2023.10.10"]
[SourceQuality "1"]
[WhiteTeam "Ludwigslust"]
[BlackTeam "Rostock Makkabi"]
[WhiteTeamCountry "GER"]
[BlackTeamCountry "GER"]

1. e4 c5 2. Nc3 e6 3. g3 Nc6 4. Bg2 g6 5. d3 Bg7 6. Be3 d6 7. Qd2 Nge7 8. Bh6 0-0 9. h4 b6 10. Bxg7 Kxg7 11. f4 h5 12. Nh3 Rb8 13. Nf2 b5 14. g4 hxg4 15. Nxg4 f5 16. Ne3 Nd4 17. Ne2 Rh8 18. c3 Ndc6 19. 0-0-0 Qa5 20. Kb1 Ba6 21. Ng3 b4 22. c4 b3 23. Qxa5 Nxa5 24. a3 Rbg8 25. h5 Kf7 26. hxg6+ Nxg6 27. exf5 Nxf4 28. fxe6+ Kxe6 29. Rxh8 Rxh8 30. Be4 Bb7 31. Bf5+ Ke7 32. Rf1 Ng2 33. Nxg2 Bxg2 34. Re1+ Kd8 35. Kc1 Rg8 36. Ne4 Bxe4 37. Bxe4 Kc7 38. Kd2 Rh8 39. Re2 Nc6 40. Bxc6 Kxc6 41. Kc3 Rb8 42. d4 cxd4+ 1/2-1/2

[Event "Mecklenburg VP Landesliga West 1920"]
[Site "Mecklenburg VP"]
[Date "2020.02.02"]
[Round "6.2"]
[White "Montag, Ralf"]
[Black "Herde, Dittmar"]
[Result "1-0"]
[WhiteElo "2050"]
[BlackElo "1938"]
[PlyCount "59"]
[EventDate "2019.09.29"]
[EventType "team-tourn"]
[EventRounds "9"]
[EventCountry "GER"]
[SourceTitle "EXT 2023"]
[Source "ChessBase"]
[SourceDate "2022.10.05"]
[SourceVersion "1"]
[SourceVersionDate "2022.10.05"]
[SourceQuality "1"]
[WhiteTeam "Ludwigslust"]
[BlackTeam "Rostock SSC 07 II"]
[WhiteTeamCountry "GER"]
[BlackTeamCountry "GER"]

1. e4 c5 2. Nc3 Nc6 3. g3 d6 4. d3 Nf6 5. Bg2 g6 6. Be3 Bg7 7. Qc1 h5 8. h3 e6 9. Nge2 Qe7 10. 0-0 Bd7 11. Qd2 Rd8 12. Rae1 Bc8 13. Bg5 Qd7 14. f4 Ne7 15. d4 0-0 16. Qe3 cxd4 17. Nxd4 Nh7 18. Bh4 e5 19. Ndb5 a6 20. Bxe7 Qxe7 21. Nd5 Qd7 22. Na7 Qa4 23. Nxc8 Rxc8 24. Ne7+ Kh8 25. Nxc8 Rxc8 26. Qb3 Qd4+ 27. Kh1 exf4 28. c3 Qd3 29. Qxb7 Rf8 30. gxf4 1-0

[Event "Mecklenburg VP Landesliga West 1920"]
[Site "Mecklenburg VP"]
[Date "2020.01.19"]
[Round "5.2"]
[White "Kleinke, Uwe"]
[Black "Montag, Ralf"]
[Result "0-1"]
[WhiteElo "1941"]
[BlackElo "2050"]
[PlyCount "54"]
[EventDate "2019.09.29"]
[EventType "team-tourn"]
[EventRounds "9"]
[EventCountry "GER"]
[SourceTitle "EXT 2023"]
[Source "ChessBase"]
[SourceDate "2022.10.05"]
[SourceVersion "1"]
[SourceVersionDate "2022.10.05"]
[SourceQuality "1"]
[WhiteTeam "Schwerin SV Einheit"]
[BlackTeam "Ludwigslust"]
[WhiteTeamCountry "GER"]
[BlackTeamCountry "GER"]

1. b4 d5 2. Bb2 Nf6 3. e3 Bf5 4. Nf3 e6 5. b5 a6 6. a4 axb5 7. axb5 Rxa1 8. Bxa1 Nbd7 9. Be2 Qa8 10. Nc3 Bxc2 11. Qxc2 Qxa1+ 12. Nd1 Bd6 13. 0-0 0-0 14. Nc3 Qa5 15. Nd4 Nc5 16. Qb2 Ra8 17. Nc2 Qa7 18. d4 Nce4 19. Ra1 Qb8 20. Nb1 c5 21. Rxa8 Bxh2+ 22. Kf1 Qxa8 23. dxc5 Nxc5 24. g3 Qb8 25. Ne1 Bxg3 26. fxg3 Qxg3 27. Bf3 Qxe1+ 0-1

[Event "Mecklenburg VP Landesliga West 1920"]
[Site "Mecklenburg VP"]
[Date "2019.11.24"]
[Round "3.2"]
[White "Montag, Ralf"]
[Black "Hueneburg, Christian"]
[Result "1/2-1/2"]
[WhiteElo "2050"]
[BlackElo "2162"]
[PlyCount "53"]
[EventDate "2019.09.29"]
[EventType "team-tourn"]
[EventRounds "9"]
[EventCountry "GER"]
[SourceTitle "EXT 2023"]
[Source "ChessBase"]
[SourceDate "2022.10.05"]
[SourceVersion "1"]
[SourceVersionDate "2022.10.05"]
[SourceQuality "1"]
[WhiteTeam "Ludwigslust"]
[BlackTeam "Schwerin SF IV"]
[WhiteTeamCountry "GER"]
[BlackTeamCountry "GER"]

1. e4 c5 2. Nc3 Nc6 3. d3 g6 4. Be3 d6 5. g3 Nf6 6. Bg2 Bg7 7. h3 Bd7 8. Qd2 h6 9. Nge2 Rb8 10. 0-0 b5 11. f4 Qc8 12. g4 b4 13. Nd1 a5 14. c3 Qa6 15. d4 bxc3 16. bxc3 cxd4 17. cxd4 0-0 18. Ndc3 a4 19. e5 Ne8 20. d5 Na5 21. Bd4 Nc7 22. exd6 Nc4 23. Qd3 Nxd6 24. Qxa6 Nxa6 25. Bxg7 Kxg7 26. Nd4 Nb4 27. Rfe1 1/2-1/2

[Event "Mecklenburg VP VL1819"]
[Site "Mecklenburg VP"]
[Date "2018.11.25"]
[Round "3.1"]
[White "Montag, Ralf"]
[Black "Wolke, Heiko"]
[Result "1-0"]
[WhiteElo "1948"]
[BlackElo "1961"]
[PlyCount "109"]
[EventDate "2018.10.21"]
[EventType "team-tourn"]
[EventRounds "9"]
[EventCountry "GER"]
[SourceTitle "EXT 2022"]
[Source "ChessBase"]
[SourceDate "2021.10.06"]
[SourceVersion "1"]
[SourceVersionDate "2021.10.06"]
[SourceQuality "1"]
[WhiteTeam "Ludwigslust VT 2000"]
[BlackTeam "Warnemuende SF Ostsee"]
[WhiteTeamCountry "GER"]
[BlackTeamCountry "GER"]

1. Nf3 Nf6 2. g3 d5 3. Bg2 e6 4. 0-0 Be7 5. b3 0-0 6. Bb2 c5 7. c4 Nc6 8. e3 a6 9. d4 cxd4 10. Nxd4 Bd7 11. Nd2 Nxd4 12. exd4 Bc6 13. c5 h5 14. h3 Bb5 15. Re1 Bd3 16. b4 Bf5 17. a4 b6 18. Ba3 Qc7 19. Qe2 h4 20. g4 Bg6 21. Rec1 Qf4 22. Qe3 Qxe3 23. fxe3 b5 24. axb5 axb5 25. Bb2 Rfc8 26. Ra5 Bd3 27. Rca1 Rab8 28. Bf1 Bxf1 29. Kxf1 Kf8 30. Ke2 Ke8 31. Ra7 Bd8 32. Kf3 Rc7 33. Rxc7 Bxc7 34. e4 dxe4+ 35. Nxe4 Nd5 36. Ra7 Rc8 37. Nc3 Nxc3 38. Bxc3 Kd7 39. d5 exd5 40. Bxg7 Kc6 41. Ra6+ Kb7 42. Rf6 Ra8 43. Rxf7 Ra3+ 44. Ke2 Kc6 45. Rf6+ Kb7 46. Rf3 Ra2+ 47. Kd1 Bg3 48. Rf7+ Kc6 49. Rf6+ Kc7 50. Bf8 Rh2 51. g5 Rxh3 52. g6 Be5 53. Rf5 Bc3 54. g7 Rg3 55. Bd6+ 1-0

[Event "Mecklenburg VP LL2 West 1718"]
[Site "Mecklenburg VP"]
[Date "2018.04.08"]
[Round "8.1"]
[White "Buss, Stephan"]
[Black "Montag, Ralf"]
[Result "1-0"]
[WhiteElo "1956"]
[BlackElo "2050"]
[PlyCount "169"]
[EventDate "2017.10.08"]
[EventType "team-tourn"]
[EventRounds "9"]
[EventCountry "GER"]
[SourceTitle "EXT 2022"]
[Source "ChessBase"]
[SourceDate "2021.10.06"]
[SourceVersion "1"]
[SourceVersionDate "2021.10.06"]
[SourceQuality "1"]
[WhiteTeam "Kuehlungsborn SV Empor"]
[BlackTeam "Ludwigslust VT 2000"]
[WhiteTeamCountry "GER"]
[BlackTeamCountry "GER"]

1. e4 c5 2. Nf3 Nc6 3. d4 cxd4 4. Nxd4 g6 5. Bc4 Bg7 6. Be3 Nf6 7. Nxc6 bxc6 8. e5 Nd5 9. Bxd5 cxd5 10. Qxd5 Rb8 11. Bxa7 Rxb2 12. Bd4 Rxc2 13. 0-0 Qc7 14. Na3 Bb7 15. Qb3 Rc6 16. Nb5 Qb8 17. Na7 Ra6 18. Rab1 Rxa7 19. Bxa7 Qxa7 20. Qxb7 Qxb7 21. Rxb7 Bxe5 22. Rd1 0-0 23. Rbxd7 Bd6 24. g3 Ra8 25. Rd2 Kf8 26. Kg2 Ke8 27. Rb7 Kd8 28. Kf3 Kc8 29. Rb3 Kc7 30. Ke4 Ra4+ 31. Kd3 e5 32. Rc3+ Kd7 33. Rb3 Ra6 34. Rb7+ Ke6 35. Kc4 Ba3 36. Kb5 Ra8 37. Rdd7 Rc8 38. Ka4 Bc5 39. Rxf7 Ra8+ 40. Kb3 Ra3+ 41. Kb2 Rd3 42. a4 Rd2+ 43. Kc3 Ra2 44. Kb3 Ra3+ 45. Kc4 Bd4 46. Kb5 Ra2 47. f4 Rb2+ 48. Kc4 Rc2+ 49. Kd3 Rc3+ 50. Ke2 Ra3 51. Rxh7 Rxa4 52. fxe5 Kxe5 53. Rh6 Ra2+ 54. Kd3 Ra3+ 55. Kc4 Rc3+ 56. Kb4 Rc2 57. Rd7 Rc6 58. Rf7 Be3 59. Rh8 Re6 60. Rhh7 Kd5 61. Rc7 Bg1 62. Rcd7+ Kc6 63. Rd3 Bc5+ 64. Kb3 Bd6 65. h4 Rf6 66. Rh6 Bf8 67. Rh8 Bd6 68. Kc4 Re6 69. Rc8+ Kd7 70. Ra8 Re4+ 71. Kc3 Re6 72. Ra7+ Ke8 73. Kc4 Be5 74. Rb3 Re7 75. Rxe7+ Kxe7 76. Kd5 Ba1 77. Rf3 Bf6 78. Ke4 Kf7 79. Kf4 Kg7 80. Kg4 Be5 81. h5 gxh5+ 82. Kxh5 Kh7 83. g4 Bb2 84. Rf7+ Bg7 85. Ra7 1-0

[Event "Mecklenburg VP LL 1617"]
[Site "Mecklenburg VP"]
[Date "2017.04.02"]
[Round "8.1"]
[White "Csillag, Istvan"]
[Black "Montag, Ralf"]
[Result "1/2-1/2"]
[WhiteElo "1986"]
[BlackElo "1918"]
[PlyCount "94"]
[EventDate "2016.10.16"]
[EventType "team-tourn"]
[EventRounds "9"]
[EventCountry "GER"]
[SourceTitle "EXT 2022"]
[Source "ChessBase"]
[SourceDate "2021.10.06"]
[SourceVersion "1"]
[SourceVersionDate "2021.10.06"]
[SourceQuality "1"]
[WhiteTeam "Neubrandenburg SG Eintracht"]
[BlackTeam "Ludwigslust VT 2000"]
[WhiteTeamCountry "GER"]
[BlackTeamCountry "GER"]

1. d4 Nf6 2. Nf3 g6 3. Bf4 Bg7 4. h3 0-0 5. Nbd2 d5 6. e3 c5 7. c3 Nc6 8. Bd3 Nd7 9. Qe2 e5 10. dxe5 Ndxe5 11. Nxe5 Nxe5 12. Bxe5 Bxe5 13. Nf3 Bf6 14. 0-0 Re8 15. Rfd1 Qe7 16. Bb5 Rd8 17. Rd2 Be6 18. Rad1 a6 19. Ba4 b5 20. Bb3 b4 21. c4 dxc4 22. Bxc4 Bxc4 23. Qxc4 Bxb2 24. Rxd8+ Rxd8 25. Rxd8+ Qxd8 26. Qxc5 a5 27. Nd4 Bc3 28. Kf1 a4 29. Ke2 Qa8 30. f3 Qb8 31. Qb5 Qg3 32. Qxa4 Qxg2+ 33. Kd3 Qd2+ 34. Kc4 Qxe3 35. Qa8+ Kg7 36. Qd5 h5 37. Nc2 Qf4+ 38. Qe4 Qxe4+ 39. fxe4 g5 40. a4 bxa3 41. Kxc3 a2 42. Kb2 g4 43. hxg4 hxg4 44. Ne3 g3 45. Nf5+ Kf6 46. Nxg3 Ke5 47. Kxa2 Kf4 1/2-1/2

[Event "Mecklenburg VP LL 1617"]
[Site "Mecklenburg VP"]
[Date "2017.02.26"]
[Round "6.1"]
[White "Ruesch, Hans Joachim"]
[Black "Montag, Ralf"]
[Result "1-0"]
[WhiteElo "1962"]
[BlackElo "1918"]
[PlyCount "81"]
[EventDate "2016.10.16"]
[EventType "team-tourn"]
[EventRounds "9"]
[EventCountry "GER"]
[SourceTitle "EXT 2022"]
[Source "ChessBase"]
[SourceDate "2021.10.06"]
[SourceVersion "1"]
[SourceVersionDate "2021.10.06"]
[SourceQuality "1"]
[WhiteTeam "Warnemuende SF Ostsee"]
[BlackTeam "Ludwigslust VT 2000"]
[WhiteTeamCountry "GER"]
[BlackTeamCountry "GER"]

1. d4 f5 2. Nf3 Nf6 3. g3 b6 4. d5 Bb7 5. c4 Na6 6. Bg2 e6 7. dxe6 dxe6 8. 0-0 Bc5 9. a3 Ne4 10. Qa4+ Qd7 11. Qxd7+ Kxd7 12. b4 Bd6 13. Bb2 Nf6 14. Rd1 Raf8 15. Nc3 Ke7 16. Nb5 Ra8 17. Nfd4 Bxg2 18. Kxg2 Nb8 19. c5 bxc5 20. bxc5 Be5 21. Nxf5+ exf5 22. Bxe5 Na6 23. Nxc7 Nxc7 24. Bxc7 Ne4 25. f3 Rac8 26. Be5 Nxc5 27. Bxg7 Rhg8 28. Be5 Ke6 29. Bf4 Na4 30. Rd6+ Ke7 31. Ra6 Nc3 32. Rxa7+ Ke6 33. Rxh7 Nd5 34. Kf2 Rc2 35. Rc1 Rgc8 36. Rxc2 Rxc2 37. Rh6+ Ke7 38. Be5 Ra2 39. h4 Kf7 40. Ra6 Nb4 41. Rf6+ 1-0

[Event "Mecklenburg VP LL2 West 1516"]
[Site "Mecklenburg VP"]
[Date "2016.04.24"]
[Round "9.2"]
[White "Schwetlick, Thomas"]
[Black "Montag, Ralf"]
[Result "1-0"]
[WhiteElo "1949"]
[BlackElo "2061"]
[PlyCount "75"]
[EventDate "2015.09.20"]
[EventType "team-tourn"]
[EventRounds "9"]
[EventCountry "GER"]
[SourceTitle "EXT 2022"]
[Source "ChessBase"]
[SourceDate "2021.10.06"]
[SourceVersion "1"]
[SourceVersionDate "2021.10.06"]
[SourceQuality "1"]
[WhiteTeam "Rostock HSG Uni"]
[BlackTeam "Ludwigslust VT 2000"]
[WhiteTeamCountry "GER"]
[BlackTeamCountry "GER"]

1. d4 f5 2. g3 Nf6 3. Bg2 g6 4. Nf3 Bg7 5. 0-0 Na6 6. c4 c5 7. Nc3 cxd4 8. Nxd4 0-0 9. Qb3 Nc5 10. Qc2 Rb8 11. Rd1 d6 12. b4 Ne6 13. Be3 Ng4 14. Bd5 Nxe3 15. fxe3 Bxd4 16. exd4 Kg7 17. Qd2 Nc7 18. Bg2 e6 19. Rf1 b6 20. e4 Ba6 21. b5 Bb7 22. a4 Qd7 23. a5 fxe4 24. axb6 axb6 25. Rxf8 Rxf8 26. Nxe4 d5 27. Nc3 Ra8 28. Rf1 Rf8 29. Rxf8 Kxf8 30. Qf4+ Kg8 31. Na4 Na8 32. c5 bxc5 33. Nxc5 Qc8 34. Bh3 Nc7 35. b6 Qa8 36. bxc7 Qa1+ 37. Kg2 Qb2+ 38. Qf2 1-0

[Event "Mecklenburg VP LL2 West 1516"]
[Site "Mecklenburg VP"]
[Date "2016.01.17"]
[Round "5.2"]
[White "Fleischer, Matthias"]
[Black "Montag, Ralf"]
[Result "0-1"]
[WhiteElo "1903"]
[BlackElo "2061"]
[PlyCount "94"]
[EventDate "2015.09.20"]
[EventType "team-tourn"]
[EventRounds "9"]
[EventCountry "GER"]
[SourceTitle "EXT 2022"]
[Source "ChessBase"]
[SourceDate "2021.10.06"]
[SourceVersion "1"]
[SourceVersionDate "2021.10.06"]
[SourceQuality "1"]
[WhiteTeam "Schwerin SV Einheit"]
[BlackTeam "Ludwigslust VT 2000"]
[WhiteTeamCountry "GER"]
[BlackTeamCountry "GER"]

1. d4 f5 2. Nf3 Nf6 3. Bg5 Ne4 4. e3 c5 5. Nbd2 Nxg5 6. Nxg5 g6 7. c3 cxd4 8. exd4 Bg7 9. Bc4 e6 10. h4 h6 11. Ngf3 d5 12. Bb3 Nc6 13. Qe2 0-0 14. 0-0-0 Bd7 15. Kb1 b5 16. a3 a5 17. Ne5 Bxe5 18. dxe5 b4 19. Qe3 f4 20. Qe2 bxc3 21. bxc3 a4 22. Bc2 Qa5 23. Ka2 Qxc3 24. Nb1 Qxe5 25. Qxe5 Nxe5 26. Rhe1 Ng4 27. Bxg6 Nxf2 28. Rd4 Ng4 29. Nc3 Rac8 30. Kb2 Ne3 31. Bd3 Nc4+ 32. Bxc4 Rxc4 33. Rxc4 dxc4 34. Re4 Rf7 35. Rxc4 e5 36. Nxa4 Bxa4 37. Rxa4 Rg7 38. Re4 Rxg2+ 39. Kc3 Rg7 40. Kb4 Rg4 41. a4 Kf7 42. Rxe5 Kf6 43. Re1 Kf5 44. a5 f3+ 45. Kb5 Kf4 46. Re6 f2 47. Rf6+ Kg3 0-1

[Event "Mecklenburg VP LL2 West 1516"]
[Site "Mecklenburg VP"]
[Date "2015.09.20"]
[Round "1.2"]
[White "Montag, Ralf"]
[Black "Fechner, Frank"]
[Result "1-0"]
[WhiteElo "1931"]
[BlackElo "1764"]
[PlyCount "35"]
[EventDate "2015.09.20"]
[EventType "team-tourn"]
[EventRounds "9"]
[EventCountry "GER"]
[SourceTitle "EXT 2022"]
[Source "ChessBase"]
[SourceDate "2021.10.06"]
[SourceVersion "1"]
[SourceVersionDate "2021.10.06"]
[SourceQuality "1"]
[WhiteTeam "Ludwigslust VT 2000"]
[BlackTeam "Ludwigslust VT 2000 II"]
[WhiteTeamCountry "GER"]
[BlackTeamCountry "GER"]

1. e4 e5 2. d4 exd4 3. Qxd4 Nc6 4. Qe3 d6 5. Nc3 g6 6. Bd2 Bg7 7. 0-0-0 Nf6 8. f4 Qe7 9. h3 0-0 10. g4 Nd7 11. Nd5 Qd8 12. Bc3 Nb6 13. Bxg7 Kxg7 14. Qc3+ f6 15. Nf3 Kg8 16. g5 Nxd5 17. Bc4 Kg7 18. Bxd5 1-0

[Event "Mecklenburg VP LL2 West 1314"]
[Site "Mecklenburg VP"]
[Date "2014.04.06"]
[Round "8.1"]
[White "Montag, Ralf"]
[Black "Stadler, Bertino"]
[Result "1/2-1/2"]
[WhiteElo "1966"]
[BlackElo "1654"]
[PlyCount "68"]
[EventDate "2013.10.27"]
[EventType "team-tourn"]
[EventRounds "9"]
[EventCountry "GER"]
[SourceTitle "EXT 2022"]
[Source "ChessBase"]
[SourceDate "2021.10.06"]
[SourceVersion "1"]
[SourceVersionDate "2021.10.06"]
[SourceQuality "1"]
[WhiteTeam "Ludwigslust Post SV"]
[BlackTeam "Kuehlungsborn SV Empor"]
[WhiteTeamCountry "GER"]
[BlackTeamCountry "GER"]

1. e4 c5 2. Nc3 Nc6 3. g3 g6 4. d3 Bg7 5. Be3 d6 6. Qd2 Bd7 7. Bg2 Rb8 8. Nge2 b5 9. h3 e6 10. 0-0 Qa5 11. f4 b4 12. Nd1 Nd4 13. Rf2 Nxe2+ 14. Qxe2 Ne7 15. g4 f5 16. Qd2 0-0 17. c3 Kh8 18. d4 Ba4 19. dxc5 dxc5 20. Qd6 Ng8 21. Qxc5 Qd8 22. Rd2 Qe8 23. e5 Rf7 24. b3 Bf8 25. Rd6 Bb5 26. c4 Ba6 27. Qd4 Bb7 28. Bxb7 Rbxb7 29. c5 fxg4 30. hxg4 Qe7 31. g5 Qc7 32. c6 Rb8 33. Nf2 Ne7 34. Rc1 Nf5 1/2-1/2

[Event "Mecklenburg VP LL2 West 1314"]
[Site "Mecklenburg VP"]
[Date "2014.02.23"]
[Round "6.1"]
[White "Montag, Ralf"]
[Black "Rabinowitsch, Juri"]
[Result "1/2-1/2"]
[WhiteElo "1966"]
[BlackElo "1844"]
[PlyCount "31"]
[EventDate "2013.10.27"]
[EventType "team-tourn"]
[EventRounds "9"]
[EventCountry "GER"]
[SourceTitle "EXT 2022"]
[Source "ChessBase"]
[SourceDate "2021.10.06"]
[SourceVersion "1"]
[SourceVersionDate "2021.10.06"]
[SourceQuality "1"]
[WhiteTeam "Ludwigslust Post SV"]
[BlackTeam "Schwerin SF IV"]
[WhiteTeamCountry "GER"]
[BlackTeamCountry "GER"]

1. e4 c5 2. Nc3 d6 3. d3 Nc6 4. g3 Nf6 5. Bg2 e5 6. Nge2 Be7 7. 0-0 Bg4 8. h3 Be6 9. f4 Qb6 10. f5 Bd7 11. Bg5 c4+ 12. Kh2 cxd3 13. cxd3 Ng4+ 14. hxg4 Bxg5 15. Nd5 Qd8 16. Bf3 1/2-1/2

[Event "Mecklenburg VP LL2 West 1314"]
[Site "Mecklenburg VP"]
[Date "2013.10.27"]
[Round "1.1"]
[White "Hilpert, Andreas"]
[Black "Montag, Ralf"]
[Result "1/2-1/2"]
[WhiteElo "1867"]
[BlackElo "1966"]
[PlyCount "50"]
[EventDate "2013.10.27"]
[EventType "team-tourn"]
[EventRounds "9"]
[EventCountry "GER"]
[SourceTitle "EXT 2022"]
[Source "ChessBase"]
[SourceDate "2021.10.06"]
[SourceVersion "1"]
[SourceVersionDate "2021.10.06"]
[SourceQuality "1"]
[WhiteTeam "Ludwigslust Post SV II"]
[BlackTeam "Ludwigslust Post SV"]
[WhiteTeamCountry "GER"]
[BlackTeamCountry "GER"]

1. e4 c5 2. Nc3 Nc6 3. Nge2 g6 4. g3 d6 5. Bg2 Bg7 6. 0-0 Bd7 7. d3 Qc8 8. Be3 Bh3 9. Qd2 h5 10. Nf4 Bxg2 11. Nxg2 Nd4 12. f4 Qg4 13. Kh1 Nh6 14. Nd5 Qd7 15. c3 Nc6 16. Bg1 f5 17. Nh4 Kf7 18. Ne3 Bf6 19. exf5 gxf5 20. Nf3 Rag8 21. Nd5 e6 22. Nxf6 Kxf6 23. d4 cxd4 24. Bxd4+ Nxd4 25. Qxd4+ Ke7 1/2-1/2

[Event "Mecklenburg VP LL2 West 1213"]
[Site "Mecklenburg VP"]
[Date "2013.04.14"]
[Round "8.1"]
[White "Montag, Ralf"]
[Black "Menkhaus, Wolf Dieter"]
[Result "1-0"]
[WhiteElo "2015"]
[BlackElo "1850"]
[PlyCount "43"]
[EventDate "2012.10.14"]
[EventType "team-tourn"]
[EventRounds "9"]
[EventCountry "GER"]
[SourceTitle "EXT 2022"]
[Source "ChessBase"]
[SourceDate "2021.10.06"]
[SourceVersion "1"]
[SourceVersionDate "2021.10.06"]
[SourceQuality "1"]
[WhiteTeam "Ludwigslust Post SV"]
[BlackTeam "Rostock SSC 07 III"]
[WhiteTeamCountry "GER"]
[BlackTeamCountry "GER"]

1. e4 e5 2. d4 exd4 3. Qxd4 Nc6 4. Qe3 Qe7 5. Nc3 Nf6 6. Bd2 d6 7. 0-0-0 Bd7 8. Bb5 a6 9. Ba4 b5 10. Bb3 Be6 11. h3 h5 12. f4 g6 13. Nf3 Bh6 14. Rhe1 0-0 15. Qg1 Bxb3 16. cxb3 Rfe8 17. g4 Bg7 18. e5 dxe5 19. fxe5 Nd7 20. gxh5 gxh5 21. Bh6 Qf8 22. Rxd7 1-0

[Event "Mecklenburg VP LL2 West 1112"]
[Site "Mecklenburg VP"]
[Date "2012.03.04"]
[Round "6.1"]
[White "Rabinowitsch, Juri"]
[Black "Montag, Ralf"]
[Result "1/2-1/2"]
[WhiteElo "1835"]
[BlackElo "2034"]
[PlyCount "94"]
[EventDate "2011.10.02"]
[EventType "team-tourn"]
[EventRounds "9"]
[EventCountry "GER"]
[SourceTitle "EXT 2022"]
[Source "ChessBase"]
[SourceDate "2021.10.06"]
[SourceVersion "1"]
[SourceVersionDate "2021.10.06"]
[SourceQuality "1"]
[WhiteTeam "Schwerin SF III"]
[BlackTeam "Neukloster III"]
[WhiteTeamCountry "GER"]
[BlackTeamCountry "GER"]

1. e4 c5 2. Nf3 Nc6 3. d4 cxd4 4. Nxd4 g6 5. Nc3 Bg7 6. Be3 Nf6 7. f3 0-0 8. Qd2 d5 9. Rd1 dxe4 10. fxe4 Ng4 11. Nxc6 Qxd2+ 12. Rxd2 bxc6 13. Bd4 Bh6 14. Rd1 Rd8 15. h3 Nf6 16. Bxf6 Rxd1+ 17. Kxd1 exf6 18. Bc4 Be6 19. Bxe6 fxe6 20. Ke2 Rd8 21. Rd1 Rxd1 22. Kxd1 Kf7 23. Ke2 Ke7 24. Kd3 Kd6 25. Ne2 Ke5 26. g3 Bf8 27. Nd4 Kd6 28. c3 e5 29. Nf3 f5 30. b3 Be7 31. a4 Bd8 32. Nd2 h5 33. Nc4+ Ke6 34. Ke3 g5 35. exf5+ Kxf5 36. b4 Bc7 37. a5 g4 38. hxg4+ Kxg4 39. Kf2 Kf5 40. Ne3+ Ke4 41. Ke2 Bd8 42. Nd1 Bg5 43. Nf2+ Kd5 44. Kd3 Be7 45. Ne4 Ke6 46. Ke3 Kd5 47. Kd3 Ke6 1/2-1/2

[Event "Mecklenburg VP LL2 West 1112"]
[Site "Mecklenburg VP"]
[Date "2011.10.02"]
[Round "1.1"]
[White "Schulz, Bernd"]
[Black "Montag, Ralf"]
[Result "1/2-1/2"]
[WhiteElo "1852"]
[BlackElo "2034"]
[PlyCount "75"]
[EventDate "2011.10.02"]
[EventType "team-tourn"]
[EventRounds "9"]
[EventCountry "GER"]
[SourceTitle "EXT 2022"]
[Source "ChessBase"]
[SourceDate "2021.10.06"]
[SourceVersion "1"]
[SourceVersionDate "2021.10.06"]
[SourceQuality "1"]
[WhiteTeam "Wismar ASV Gruen-Weiss II"]
[BlackTeam "Neukloster III"]
[WhiteTeamCountry "GER"]
[BlackTeamCountry "GER"]

1. e4 c5 2. c3 g6 3. d4 cxd4 4. cxd4 Bg7 5. Nc3 d6 6. Bc4 Nf6 7. Nge2 0-0 8. 0-0 Nc6 9. h3 a6 10. d5 Ne5 11. Bd3 Nxd3 12. Qxd3 Nd7 13. Be3 f5 14. Bd4 Ne5 15. Qd1 f4 16. f3 g5 17. Na4 b5 18. Nb6 Rb8 19. Nxc8 Rxc8 20. b3 Qd7 21. Qd2 h5 22. Rac1 Rxc1 23. Rxc1 g4 24. hxg4 hxg4 25. Nxf4 Nxf3+ 26. gxf3 Bxd4+ 27. Kf1 Be5 28. Ne6 Rxf3+ 29. Ke2 Rh3 30. Qg5+ Kh7 31. Rc7 Bf6 32. Rxd7 Rh2+ 33. Kf1 Bxg5 34. Nxg5+ Kg6 35. Ne6 Kf6 36. Ra7 Rxa2 37. Nc7 Rb2 38. Rxa6 1/2-1/2

[Event "Mecklenburg VP LL2 West 0910"]
[Site "Mecklenburg VP"]
[Date "2010.03.21"]
[Round "8.2"]
[White "Kornblum, Harry"]
[Black "Montag, Ralf"]
[Result "0-1"]
[WhiteElo "1901"]
[BlackElo "2001"]
[PlyCount "116"]
[EventDate "2009.10.18"]
[EventType "team-tourn"]
[EventRounds "9"]
[EventCountry "GER"]
[SourceTitle "EXT 2016"]
[Source "ChessBase"]
[SourceDate "2015.10.08"]
[SourceVersion "1"]
[SourceVersionDate "2015.10.08"]
[SourceQuality "1"]
[WhiteTeam "Kuehlungsborn SV Empor"]
[BlackTeam "Neukloster III"]
[WhiteTeamCountry "GER"]
[BlackTeamCountry "GER"]

1. d4 f5 2. c4 Nf6 3. Nc3 e6 4. g3 Bb4 5. Qc2 Ne4 6. Bg2 d5 7. e3 0-0 8. Nge2 c6 9. 0-0 Nd7 10. f3 Nd6 11. c5 Nf7 12. Bd2 Nf6 13. a3 Ba5 14. Rad1 e5 15. dxe5 Nxe5 16. Bc1 Qe7 17. b4 Bc7 18. Nd4 g6 19. Rde1 Bd7 20. Nd1 Rae8 21. Nf2 Nc4 22. Nd3 Qg7 23. Nb3 Re7 24. e4 fxe4 25. fxe4 Nxe4 26. Rxf8+ Kxf8 27. Bxe4 Rxe4 28. Rxe4 dxe4 29. Qxc4 exd3 30. Qxd3 Bf5 31. Qe2 Qc3 32. Bh6+ Kf7 33. g4 Qxb3 34. gxf5 Qb1+ 35. Kg2 Qxf5 36. Bd2 h5 37. Qe3 Be5 38. h3 g5 39. Qxg5 Qxg5+ 40. Bxg5 Bb2 41. Bd2 Bxa3 42. Kf3 Kf6 43. Ke4 a5 44. bxa5 Bxc5 45. Bc3+ Kg5 46. Be1 Bd6 47. Kf3 Kf5 48. Bc3 Bf4 49. Bb4 Be5 50. Bc5 Bc3 51. Bb6 Bb4 52. Bc7 c5 53. Ke3 c4 54. Kd4 c3 55. Kd3 Kg5 56. Bd8+ Kf4 57. Bc7+ Kf3 58. Kc2 h4 0-1

[Event "Oberliga Nord N 0910"]
[Site "Germany"]
[Date "2009.11.29"]
[Round "3.7"]
[White "Montag, Ralf"]
[Black "Reinecker, Kai"]
[Result "0-1"]
[WhiteElo "2029"]
[BlackElo "2247"]
[PlyCount "86"]
[EventDate "2009.10.18"]
[EventType "team-tourn"]
[EventRounds "9"]
[EventCountry "GER"]
[SourceTitle "EXT 2011"]
[Source "ChessBase"]
[SourceDate "2010.11.26"]
[SourceVersion "1"]
[SourceVersionDate "2010.11.26"]
[SourceQuality "1"]
[WhiteTeam "Neukloster"]
[BlackTeam "Preetz"]
[WhiteTeamCountry "GER"]
[BlackTeamCountry "GER"]

1. e4 e5 2. d4 exd4 3. Qxd4 Nc6 4. Qe3 g6 5. Nc3 Bg7 6. Bd2 Nf6 7. 0-0-0 0-0 8. h3 d5 9. exd5 Nxd5 10. Nxd5 Qxd5 11. b3 Bd4 12. Qg5 Bf5 13. Be3 Qc5 14. Bd3 Qa3+ 15. Kd2 Bxd3 16. Kxd3 Rad8 17. Ke2 Qxa2 18. Nf3 Bxe3 19. fxe3 Qxc2+ 20. Rd2 Rxd2+ 21. Nxd2 Rd8 22. Rd1 Qd3+ 23. Kf2 Re8 24. Qf4 Nb4 25. e4 Nd5 26. Qg5 Qd4+ 27. Kg3 Ne3 28. Re1 Qxd2 29. Qxe3 Qxe3+ 30. Rxe3 f5 31. e5 g5 32. Kf3 Kf7 33. h4 h6 34. hxg5 hxg5 35. g4 Ke6 36. Re2 Rh8 37. gxf5+ Kxf5 38. e6 Re8 39. e7 Kf6 40. Kg4 Rxe7 41. Rf2+ Kg6 42. Rf3 Re4+ 43. Kg3 Rb4 0-1